| 000 | 00498nam a22001697a 4500 | ||
|---|---|---|---|
| 001 | T027600011361 | ||
| 008 | 181111b xve|||||r|||| 00| | esp d | ||
| 020 | _a92-1-322719-1 | ||
| 099 |
_a658404 _bOR77 |
||
| 100 | _aOrtegón, Edgar | ||
| 245 | _aMetodología del marco lógico para la planificación, el seguimiento y la evaluación de proyectos y programas | ||
| 260 | _a | ||
| 300 | _a123p. : il. | ||
| 500 | _aImpreso | ||
| 650 | _aElaboración de Proyectos--Metodología | ||
| 942 | _cLIB | ||
| 999 |
_c11767 _d11767 |
||